| 000 | 00467nam a2200193Ia 4500 | ||
|---|---|---|---|
| 008 | 170918s9999 xx 000 0 und d | ||
| 020 | _a9780545315098 | ||
| 050 | _bU725 2009 | ||
| 100 | _aUrban, Linda | ||
| 245 | _aMouse was mad / | ||
| 245 | _cLinda Urban ; illustrated by Henry Cole. | ||
| 260 | _aNew York : | ||
| 260 | _bScholastic, | ||
| 260 | _c2009 | ||
| 300 | _aunpaged : | ||
| 300 | _bcolored illustration ; | ||
| 300 | _c28cm. | ||
| 500 | _a400 | ||
| 999 |
_c341729 _d341729 |
||